| 000 | 00971nam a22002297a 4500 | ||
|---|---|---|---|
| 999 |
_c4048 _d4048 |
||
| 003 | AR-CdUCM | ||
| 008 | 190307b ||||| |||| 00| 0 spa d | ||
| 040 |
_aMUNICIPALIDAD PROVINCIAL DEL CUSCO _cBIBLIOTECA MUNICIPAL DEL CUSCO |
||
| 082 |
_a327.73 / _bM28 |
||
| 100 |
_aMatthews, Herbert L _912884 |
||
| 245 | _aLos Estados Unidos y América Latina / | ||
| 260 |
_aMexico : _bGrijalbo, _c1967. |
||
| 300 |
_a159 pagina ; _c17 cm. |
||
| 440 |
_aColección 70. _n7 _912885 |
||
| 505 | _aContenido : Las relaciones diplomáticas de los Estados Unidos con América Latina -- El panamericanismo y los Estados Unidos -- La guerra fría en el hemisferio occidental ... | ||
| 650 |
_aLas relaciones diplomáticas de los Estados con América Latina _912886 |
||
| 650 |
_aLas transformaciones políticas en América Latina _912887 |
||
| 650 |
_aRelaciones diplomáticas en América Latina _912888 |
||
| 700 |
_aSilvert, K. H _912889 |
||
| 942 |
_2ddc _cLIBROS |
||
| 945 | _arah | ||